LEADER 02558nam 2200625Ia 450 001 9910459333903321 005 20200520144314.0 010 $a1-4384-2972-X 010 $a1-4416-4095-9 035 $a(CKB)2670000000016866 035 $a(OCoLC)593295835 035 $a(CaPaEBR)ebrary10574024 035 $a(SSID)ssj0000343076 035 $a(PQKBManifestationID)11247822 035 $a(PQKBTitleCode)TC0000343076 035 $a(PQKBWorkID)10287868 035 $a(PQKB)10961472 035 $a(MiAaPQ)EBC3407163 035 $a(MdBmJHUP)muse1658 035 $a(Au-PeEL)EBL3407163 035 $a(CaPaEBR)ebr10574024 035 $a(EXLCZ)992670000000016866 100 $a20090508d2010 ub 0 101 0 $aeng 135 $aurcn||||||||| 181 $ctxt 182 $cc 183 $acr 200 10$aSomething akin to freedom$b[electronic resource] $ethe choice of bondage in narratives by African American women /$fStephanie Li 210 $aAlbany $cState University of New York Press$dc2010 215 $a1 online resource (176 p.) 300 $aBibliographic Level Mode of Issuance: Monograph 311 $a1-4384-2971-1 320 $aIncludes bibliographical references and index. 327 $aIntra-independence: reconceptualizing freedom and resistance to bondage -- Choosing the bondage of domesticity and White womanhood in The bondwoman's narrative -- Voluntary enslavement and discursive violence : placage and Louisa Picquet -- The bondage of memory in Gayl Jones's Corregidora -- Coda: From bondage to war: the lives of contemporary Black women in the novels of Toni Morrison. 606 $aAmerican literature$xAfrican American authors$xHistory and criticism 606 $aAmerican literature$xWomen authors$xHistory and criticism 606 $aSlave narratives$zUnited States$xHistory and criticism 606 $aAfrican American women in literature 606 $aSlavery in literature 608 $aElectronic books. 615 0$aAmerican literature$xAfrican American authors$xHistory and criticism. 615 0$aAmerican literature$xWomen authors$xHistory and criticism. 615 0$aSlave narratives$xHistory and criticism. 615 0$aAfrican American women in literature. 615 0$aSlavery in literature. 676 $a810.9/9287/08996073 700 $aLi$b Stephanie$f1977-$0945694 801 0$bMiAaPQ 801 1$bMiAaPQ 801 2$bMiAaPQ 906 $aBOOK 912 $a9910459333903321 996 $aSomething akin to freedom$92480180 997 $aUNINA LEADER 01990oam 2200529 450 001 9910706846303321 005 20180806105521.0 035 $a(CKB)5470000002459005 035 $a(OCoLC)1027221437 035 $a(EXLCZ)995470000002459005 100 $a20180305d2018 ua 0 101 0 $aeng 135 $aurbn||||a|||| 181 $ctxt$2rdacontent 182 $cc$2rdamedia 183 $acr$2rdacarrier 200 10$aBusiness meeting $emeeting before the Committee on Environment and Public Works, United States Senate, One Hundred Fifteenth Congress, first session, July 12, 2017 210 1$aWashington :$cU.S. Government Publishing Office,$d2018. 215 $a1 online resource (iii, 58 pages) 225 1 $aS. hrg. ;$v115-151 300 $aPaper version available for sale by the Superintendent of Documents, United States Government Publishing Office. 517 $aBusiness meeting 606 $aBrownfields$xLaw and legislation$zUnited States 606 $aHazardous waste site remediation$xLaw and legislation$zUnited States 606 $aDiesel motor exhaust gas$xGovernment policy$zUnited States 606 $aAir quality management$xGovernment policy$zUnited States 606 $aBridges$xLaw and legislation$zMissouri$zChristian County 606 $aShore protection$xLaw and legislation$zDelaware 608 $aLegislative hearings.$2lcgft 615 0$aBrownfields$xLaw and legislation 615 0$aHazardous waste site remediation$xLaw and legislation 615 0$aDiesel motor exhaust gas$xGovernment policy 615 0$aAir quality management$xGovernment policy 615 0$aBridges$xLaw and legislation 615 0$aShore protection$xLaw and legislation 801 0$bGPO 801 1$bGPO 801 2$bGPO 801 2$bOCLCF 801 2$bMERUC 801 2$bUOK 801 2$bOCLCA 801 2$bGPO 906 $aBOOK 912 $a9910706846303321 996 $aBusiness meeting$93184312 997 $aUNINA LEADER 02209nam 2200613 a 450 001 9910779214203321 005 20161219111335.0 010 $a1-4522-3617-8 010 $a1-322-41317-7 010 $a0-8039-5792-0 010 $a1-4522-2121-9 035 $a(CKB)2550000000105689 035 $a(OCoLC)808342043 035 $a(CaPaEBR)ebrary10582165 035 $a(SSID)ssj0000675462 035 $a(PQKBManifestationID)12347687 035 $a(PQKBTitleCode)TC0000675462 035 $a(PQKBWorkID)10668279 035 $a(PQKB)11021466 035 $a(MiAaPQ)EBC996437 035 $a(OCoLC)1007858001 035 $a(StDuBDS)EDZ0000063814 035 $a(EXLCZ)992550000000105689 100 $a20120326d1998 fy 0 101 0 $aeng 135 $aur||||||||||| 181 $ctxt 182 $cc 183 $acr 200 10$aCommunity organizing$b[electronic resource] $ebuilding social capital as a development strategy /$fRoss Gittell and Avis Vidal 210 $aThousand Oaks, Calif. ;$aLondon $cSAGE$dc1998 215 $a1 online resource (x, 196 p.) $cill 300 $aBibliographic Level Mode of Issuance: Monograph 311 $a1-4522-2056-5 311 $a0-8039-5791-2 320 $aIncludes bibliographical references (p. 181-183) and index. 330 8 $aProviding new insight into an important community development challenge, this text looks at how to stimulate the formation of community-based organizations and effective citizen action in neighbourhoods. 606 $aCommunity development$zUnited States$vCase studies 606 $aCommunity development corporations$zUnited States$vCase studies 606 $aCommunity organization$zUnited States$vCase studies 606 $aSocial capital (Sociology) 615 0$aCommunity development 615 0$aCommunity development corporations 615 0$aCommunity organization 615 0$aSocial capital (Sociology) 676 $a307.140973 700 $aGittell$b Ross J.$f1957-$01518498 701 $aVidal$b Avis$0312591 801 0$bStDuBDS 801 1$bStDuBDS 906 $aBOOK 912 $a9910779214203321 996 $aCommunity organizing$93756094 997 $aUNINA